Đãng Khấu Chí T.4 /
সংরক্ষণ করুন:
| প্রধান লেখক: | |
|---|---|
| অন্যান্য লেখক: | |
| বিন্যাস: | গ্রন্থ |
| ভাষা: | Vietnamese Chinese |
| প্রকাশিত: |
Đà Nẵng :
Nxb Đà Nẵng,
1999.
|
| বিষয়গুলি: | |
| ট্যাগগুলো: |
ট্যাগ যুক্ত করুন
কোনো ট্যাগ নেই, প্রথমজন হিসাবে ট্যাগ করুন!
|
| Thư viện lưu trữ: | Mạng thư viện Đại học Đà Nẵng |
|---|
| LEADER | 00932cam a2200349 i 4500 | ||
|---|---|---|---|
| 001 | 000046597 | ||
| 003 | 6095 | ||
| 005 | 20030818205400.0 | ||
| 008 | 010307b1999 vm 000 vie | ||
| 020 | |c 49000 | ||
| 040 | |a IRC |c IRC |d IRC | ||
| 041 | 1 | |a vie |h chi | |
| 082 | 1 | 4 | |a 895.104 |b DU-X |
| 100 | 1 | |a Du Vạn Xuân. | |
| 245 | 0 | 0 | |a Đãng Khấu Chí |n T.4 / |c Du Vạn Xuân ; Ông Văn Tùng dịch và giới thiệu. |
| 260 | |a Đà Nẵng : |b Nxb Đà Nẵng, |c 1999. | ||
| 300 | |a 543tr. ; |c 19cm. | ||
| 630 | 0 | 4 | |a Văn học Trung Quốc. |
| 630 | 0 | 4 | |a Tiểu thuyết. |
| 630 | 0 | 4 | |a Du Vạn Xuân. |
| 650 | 0 | 4 | |a Văn học Trung Quốc. |
| 700 | 1 | |a Ông Văn Tùng, |e dịch. | |
| OWN | |a DUT | ||
| 999 | |a From the UDN01 | ||
| TYP | |a Monograph | ||
| TYP | |a Printed language | ||
| 980 | |a Mạng thư viện Đại học Đà Nẵng | ||